[Event "Oberliga Baden 2223"]
[Site "Germany"]
[Date "2023.04.23"]
[Round "9.6"]
[White "Litt, Denis"]
[Black "Bloessl, Walter"]
[Result "1-0"]
[WhiteElo "1977"]
[BlackElo "2026"]
[PlyCount "79"]
[EventDate "2022.09.18"]
[EventType "team-tourn"]
[EventRounds "9"]
[EventCountry "GER"]
[SourceTitle "EXT 2024"]
[Source "ChessBase"]
[SourceDate "2023.10.10"]
[SourceVersion "1"]
[SourceVersionDate "2023.10.10"]
[SourceQuality "1"]
[WhiteTeam "Sasbach"]
[BlackTeam "Ladenburg"]
[WhiteTeamCountry "GER"]
[BlackTeamCountry "GER"]

1. e4 e5 2. Nf3 Nc6 3. Bb5 Nf6 4. Qe2 d6 5. c3 Bd7 6. d3 a6 7. Ba4 Be7 8. Nbd2 b5 9. Bc2 0-0 10. Nf1 Re8 11. Ng3 d5 12. 0-0 dxe4 13. dxe4 Be6 14. b3 Nd7 15. Be3 f6 16. Rad1 Qc8 17. Nh4 Nf8 18. Ngf5 g6 19. Nxe7+ Nxe7 20. Nf3 g5 21. Ne1 Neg6 22. g3 Bh3 23. Ng2 Ne6 24. Rd2 Bxg2 25. Kxg2 Ngf4+ 26. gxf4 gxf4 27. Qh5 fxe3 28. fxe3 Rd8 29. Rdf2 Rd6 30. Rxf6 Nf4+ 31. exf4 Rxf6 32. Qxe5 Rg6+ 33. Kh1 Qh3 34. Qd5+ Kg7 35. Qd4+ Kh6 36. Qf2 Rag8 37. f5 Rg2 38. Qf4+ R8g5 39. Rc1 Rxh2+ 40. Qxh2 1-0

[Event "Verbandsliga Suedbaden 2122"]
[Site "Baden"]
[Date "2022.05.22"]
[Round "5.5"]
[White "Martin, Richard"]
[Black "Litt, Denis"]
[Result "0-1"]
[WhiteElo "1933"]
[BlackElo "1972"]
[PlyCount "78"]
[EventDate "2021.10.10"]
[EventType "team-tourn"]
[EventRounds "9"]
[EventCountry "GER"]
[SourceTitle "EXT 2023"]
[Source "ChessBase"]
[SourceDate "2022.10.05"]
[SourceVersion "1"]
[SourceVersionDate "2022.10.05"]
[SourceQuality "1"]
[WhiteTeam "Baden-Baden IV"]
[BlackTeam "Sasbach"]
[WhiteTeamCountry "GER"]
[BlackTeamCountry "GER"]

1. e4 c6 2. Nc3 d5 3. Qe2 d4 4. Nd1 e5 5. d3 Bd6 6. g3 Qc7 7. Bg2 Ne7 8. Nh3 Ng6 9. 0-0 c5 10. f4 exf4 11. Nxf4 Nxf4 12. gxf4 Nc6 13. e5 Be7 14. Nf2 Bd7 15. c3 Qb6 16. Bd5 Bf5 17. Kh1 Qd8 18. c4 Qd7 19. Bd2 0-0 20. Rg1 Kh8 21. Ne4 Be6 22. Qg2 Rg8 23. Ng3 g6 24. Raf1 Bh4 25. Be4 Bh3 26. Qf3 Bxf1 27. Nxf1 Be7 28. Ng3 Bf8 29. Bd5 Bg7 30. Ne4 Qe7 31. Ng5 Rgf8 32. Qh3 h6 33. Rg4 Kg8 34. Nxf7 Rxf7 35. Rxg6 Kh8 36. Bxf7 Qxf7 37. Qh5 Rf8 38. Qg4 Kh7 39. Rd6 Nxe5 0-1